Central Library OPAC University of Rajshahi

New interpretations in American foreign policy / (Record no. 47081)

MARC details
000 -LEADER
fixed length control field 00842nam a2200241 a 4500
001 - CONTROL NUMBER
control field 47081
003 - CONTROL NUMBER IDENTIFIER
rucl marc code BD-RjUL
005 - DATE AND TIME OF LATEST TRANSACTION
control field 20211209054245.0
008 - FIXED-LENGTH DATA ELEMENTS--GENERAL INFORMATION
fixed length control field 190418s1957 dcu b 000 0 eng
035 ## - SYSTEM CONTROL NUMBER
System control number (BD-RjUL)47200
040 ## - CATALOGING SOURCE
Original cataloging agency DLC
Transcribing agency CU-I
Modifying agency OCoLC
-- DLC
-- BD-RjUL
Language of cataloging eng
041 ## - LANGUAGE CODE
Language code of text/sound track or separate title eng
042 ## - AUTHENTICATION CODE
Authentication code premarc
082 ## - DEWEY DECIMAL CLASSIFICATION NUMBER
Classification number 016.32773
Edition number 23
Author mark and year DEN 1957
100 1# - MAIN ENTRY--PERSONAL NAME
Personal name DeConde, Alexander.
9 (RLIN) 230877
245 10 - TITLE STATEMENT
Title New interpretations in American foreign policy /
Statement of responsibility, etc. by Alexander DeConde
260 ## - PUBLICATION, DISTRIBUTION, ETC. (IMPRINT)
Place of publication, distribution, etc. Washington, D. C. :
Name of publisher, distributor, etc. Service Center for Teachers of History,
Date of publication, distribution, etc. 1957
300 ## - PHYSICAL DESCRIPTION
Pagination 31 p. ;
Size 23 cm.
490 ## - SERIES STATEMENT
Series statement Publication (Service Center for Teachers of History);
Volume/sequential designation 2
651 #0 - SUBJECT ADDED ENTRY--GEOGRAPHIC NAME
Geographic name United States
General subdivision Foreign relations
Form subdivision Bibliography.
9 (RLIN) 230878
830 ## - SERIES ADDED ENTRY--UNIFORM TITLE
Uniform title Publication (Service Center for Teachers of History);
Volume number/sequential designation 2
942 ## - ADDED ENTRY ELEMENTS (KOHA)
Source of classification or shelving scheme Dewey Decimal Classification
Koha item type Rare Books
Holdings
Lost status Source of classification or shelving scheme Damaged status Not for loan Collection code Permanent Location Current Location Shelving location Date acquired Source of acquisition Total Checkouts Full call number Date last seen Copy number Koha item type
  Dewey Decimal Classification   Not For Loan Rare Books Central Library, University of Rajshahi Central Library, University of Rajshahi Rare Book Section 14/11/2009 R.U.C.L.   R 016.32773 DEN 1957 18/04/2019 C-1 Rare Books